Ils ont marqué 2 buts ou plus à la coupe du monde 2022 - Statistiques

Statistiques générales
  • Ce quiz a été pris 51 fois
  • Le résultat moyen est 14 sur 30
Statistiques - réponses
But(s) Pays Réponse % Correct
8 France Kylian Mbappé
100%
7 Argentine Lionel Messi
98%
4 France Olivier Giroud
90%
2 Angleterre Harry Kane
88%
2 Brésil Neymar Jr
86%
4 Argentine Julian Alvarez
69%
3 Portugal Goncalo Ramos
64%
3 Angleterre Bukayo Saka
62%
3 Brésil Richarlison
60%
3 Espagne Alvaro Morata
57%
2 Pologne Robert Lewandowski
50%
3 Équateur Enner Valencia
45%
3 Angleterre Marcus Rashford
45%
2 Cameroun Vincent Aboubakar
45%
2 Portugal Rafael Leão
43%
3 Pays-Bas Cody Gakpo
36%
2 Allemagne Kai Havertz
36%
2 Iran Mehdi Taremi
36%
2 Portugal Bruno Fernandes
33%
2 Serbie Aleksandar Mitrovic
29%
2 Maroc Youssef En-Nesyri
29%
2 Croatie Andrej Kramaric
26%
2 Suisse Breel Embolo
26%
2 Arabie Saoudite Salem Mohammed Al-Dawsari
26%
2 Ghana Mohammed Kudus
24%
2 Allemagne Niclas Füllkrug
21%
2 Corée du Sud Gue-Sung Cho
14%
2 Espagne Ferran Torres
12%
2 Uruguay Giorgian De Arrascaeta
10%
2 Japon Ritsu Doan
7%
Aucun quiz correspondant
Distribution des résultats
% des personnes avec chaque résultat
Percentile par nombre de réponses
Votre historique - résultats
Vous n’avez pas pris ce quiz